000 01048nam a2200325 i 4500
003 EG-GICUC
005 20260429122023.0
008 260422r19221928enk ||f |||| 001 0 eng d
040 _aEG-GiCUC
_cEG-GiCUC
_dEG-GiCUC
_eRda
_beng
041 0 _aeng
082 0 4 _221
_a343.623
_bHO . P
092 0 4 _221
099 _aLaw1 10 343.623 HO . P 1928 11011228 C1
100 1 _aHollander, Bernard
_eAuthor.
245 1 4 _aThe Psychology Of Misconduct, Vice, And Crime /
_cby Bernard Hollander.
250 _aTwenty-sixth Edition
264 1 _aLondon :
_bGeorge Allen & Unwin LTD ,
_c1928.
300 _a220 page ;
_c24 cm.
336 _2rda contenu
_a texte
337 _2rda medias
_aOrdinateur
338 _2 transporteur rda
_a Ressource en ligne
500 _aIndex Pages : 217-220.
546 _aText in English
650 1 4 _aCriminology
_xPsychological
_2qrmak
650 1 4 _aPsychological approach
_2qrmak
651 1 _2qrmak
856 4 0 _uhttps://fll.law.cu.edu.eg/fulltext/bks/B10-11228.pdf
905 _a164
942 _2ddc
_cBK
_e21
_n0
999 _c72908
_d72908